MODERN ACCOUNTANCY (Record no. 6015)

MARC details
000 -LEADER
fixed length control field 00378nam a22001457a 4500
005 - DATE AND TIME OF LATEST TRANSACTION
control field 20191122154542.0
008 - FIXED-LENGTH DATA ELEMENTS--GENERAL INFORMATION
fixed length control field 191122b xxu||||| |||| 00| 0 eng d
020 ## - INTERNATIONAL STANDARD BOOK NUMBER
ISBN 978-0-07-463017-4
041 ## - LANGUAGE CODE
Language code of text/sound track or separate title eng
100 ## - MAIN ENTRY--AUTHOR NAME
Personal name MUKHERJEE, A AND HANIF, M
245 ## - TITLE STATEMENT
Title MODERN ACCOUNTANCY
260 ## - PUBLICATION, DISTRIBUTION, ETC. (IMPRINT)
Place of publication NEW DELHI
Name of publisher TATA McGRAW HILL PUB COM LTD
Year of publication 2000
300 ## - PHYSICAL DESCRIPTION
Number of Pages 37.74 p,
942 ## - ADDED ENTRY ELEMENTS (KOHA)
Koha item type Books
Holdings
Lost status Damaged status Collection code Home library Current library Shelving location Date acquired Source of acquisition Cost, normal purchase price Full call number Accession Number Koha item type
    MANAGEMENT JRU Library JRU Library SHELF-70 J 22/11/2019 PURCHASE 425.00 657 4778 Books